| 000 | 01188cam a2200217 4500500 | ||
|---|---|---|---|
| 005 | 20260111064405.0 | ||
| 041 | _afre | ||
| 042 | _adc | ||
| 100 | 1 | 0 |
_aRoussillon, Marine _eauthor |
| 245 | 0 | 0 | _a“Galanterie” between the book trade and political control of literature |
| 260 | _c2025. | ||
| 500 | _a75 | ||
| 520 | _aGallantry appeared in the XVII century as a bookstore phenomenon : an attempt to enlarge the audience of printed books readers by promoting an entertainment literature. This phenomenon was also an instrument of political control over writings, with the invention of a gallant style of writing of current events. The cases of Madelaine de Scudéry, Jean Donneau de Visé, and Marie-Catherine de Villedieu reveal differentiated uses of gallantry at the interface between the book trade and power service. | ||
| 690 | _a17th century literature | ||
| 690 | _aentertainment | ||
| 690 | _agallantry | ||
| 690 | _asocial uses of literature | ||
| 690 | _awriting about current events | ||
| 786 | 0 | _nLa Pensée | 423 | 3 | 2025-08-22 | p. 90-100 | 0031-4773 | |
| 856 | 4 | 1 | _uhttps://shs.cairn.info/journal-la-pensee-2025-3-page-90?lang=en&redirect-ssocas=7080 |
| 999 |
_c1614675 _d1614675 |
||